Tri thức dân gian phòng chống bão lũ tại Đà Nẵng
Đà Nẵng với vấn đề bão lũ. Tình hình bão lũ và tri thức dân gian phòng chống bão lũ tại Đà Nẵng. Ứng dụng và hướng bảo tồn tri thức dân gian phòng chống bão lũ tại Đà Nẵng
Đã lưu trong:
| Tác giả chính: | |
|---|---|
| Tác giả khác: | |
| Định dạng: | Sách |
| Ngôn ngữ: | Vietnamese |
| Được phát hành: |
Đà Nẵng
Đại học Sư phạm, Đại học Đà Nẵng
2013
|
| Những chủ đề: | |
| Các nhãn: |
Thêm thẻ
Không có thẻ, Là người đầu tiên thẻ bản ghi này!
|
| Thư viện lưu trữ: | Mạng thư viện Đại học Đà Nẵng |
|---|
| LEADER | 01647nam a2200361 4500 | ||
|---|---|---|---|
| 001 | 000019041 | ||
| 003 | 15476 | ||
| 005 | 20140313160333.0 | ||
| 008 | 140303s2013 viesd | ||
| 041 | |a vie | ||
| 072 | |a VHH | ||
| 082 | 1 | 4 | |a 363.3492 |b HA-V |
| 100 | 1 | |a Hà Vương | |
| 245 | 1 | 0 | |a Tri thức dân gian phòng chống bão lũ tại Đà Nẵng |c Hà Vương ; Nguyễn Hoàng Thân hướng dẫn |k Khóa luận tốt nghiệp |
| 260 | |a Đà Nẵng |b Đại học Sư phạm, Đại học Đà Nẵng |c 2013 | ||
| 300 | |a 55 tr. |c 29 cm. | ||
| 500 | |a Khóa luận tốt nghiệp đại học. Chuyên ngành: Cử nhân Văn hóa học | ||
| 520 | |a Đà Nẵng với vấn đề bão lũ. Tình hình bão lũ và tri thức dân gian phòng chống bão lũ tại Đà Nẵng. Ứng dụng và hướng bảo tồn tri thức dân gian phòng chống bão lũ tại Đà Nẵng | ||
| 650 | 0 | 4 | |a Chống bão lũ |v Khóa luận tốt nghiệp |x Tri thức dân gian |z Việt Nam (Đà Nẵng) |
| 653 | |a Tri thức dân gian | ||
| 653 | |a Khoa Ngữ văn | ||
| 653 | |a Phòng chống bão lụt | ||
| 700 | 1 | |a Nguyễn Hoàng Thân |e Hướng dẫn | |
| OWN | |a LSP | ||
| AVA | |a UDN50 |b LSP |d 363.3492 HA-V |e available |t Error 5001 Not defined in file expand_doc_bib_avail. |f 1 |g 0 |h N |i 0 |k 1 | ||
| 999 | |a From the UDN01 | ||
| AVA | |a UDN50 |b LSP |d 363.3492 HA-V |e available |t Error 5001 Not defined in file expand_doc_bib_avail. |f 1 |g 0 |h N |i 0 |k 1 | ||
| TYP | |a Monograph | ||
| TYP | |a Printed language | ||
| 980 | |a Mạng thư viện Đại học Đà Nẵng | ||